| 000 | 00394nam a2200181Ia 4500 | ||
|---|---|---|---|
| 005 | 20250423101659.0 | ||
| 008 | 250422s9999 xx 000 0 und d | ||
| 020 | _a0-688-16287-8 | ||
| 050 | _aHQ76.S58 | ||
| 100 | _aBob Smith | ||
| 245 | 0 | _aWay To Go, Smith | |
| 260 | _aNew York | ||
| 260 | _bRob Weisbach | ||
| 260 | _c1999 | ||
| 300 | _a284 p | ||
| 650 | _aLiterature | ||
| 942 | _cBK | ||
| 999 |
_c36964 _d36964 |
||